[Event "Indonesia vs ROW"]
[Site "Indonesia"]
[Date "1999.05.06"]
[Round "5"]
[White "Adianto, U."]
[Black "Johansen, D."]
[Result "1-0"]
[WhiteElo "2607"]
[BlackElo "2490"]
[PlyCount "87"]
[EventDate "1999.??.??"]
[Source "www.chesslib.no"]
[SourceDate "2004.05.04"]

1. d4 e6 2. c4 f5 3. Nf3 Nf6 4. g3 Bb4+ 5. Nbd2 O-O 6. Bg2 d6 7. O-O Bxd2 8. Bxd2 Qe7 9. c5 dxc5 10. Rc1 Ne4 11. dxc5 e5 12. Qb3+ Kh8 13. Rfd1 Nc6 14. Be1 a6 15. Qe3 Be6 16. a3 Rae8 17. b4 Bc8 18. a4 Nf6 19. b5 axb5 20. axb5 Nd8 21. Ba5 Ng4 22. Qg5 Qf7 23. h3 h6 24. Qh4 Nf6 25. Rxd8 Rxd8 26. Nxe5 Qb3 27. Ng6+ Kh7 28. Nxf8+ Rxf8 29. Qc4 Qb2 30. Bxc7 Be6 31. Qc2 Qxb5 32. Rb1 Qd7 33. Bd6 Rc8 34. Bxb7 Re8 35. Bf3 Bd5 36. Bxd5 Nxd5 37. Qd3 Nf6 38. g4 Ne4 39. f3 Ng5 40. h4 Nf7 41. Bf4 Qa7 42. Qxf5+ Kg8 43. Qc2 Qa6 44. c6 1-0

[Event "It"]
[Site "Lazne Bohdanec it"]
[Date "1994.??.??"]
[Round "?"]
[White "Blatny, Pavel"]
[Black "Rogers, Ian"]
[Result "0-1"]
[WhiteElo "2525"]
[BlackElo "2565"]
[PlyCount "49"]
[EventDate "1994.??.??"]
[Source "www.chesslib.no"]
[SourceDate "2004.05.04"]

1. d4 d5 2. c4 e6 3. Nc3 f5 4. Nf3 c6 5. g3 Nf6 6. Bg2 Nbd7 7. O-O Bd6 8. Qc2 Ne4 9. Nxe4 fxe4 10. Ng5 Nf6 11. f3 exf3 12. Rxf3 Bd7 13. Nxh7 Rxh7 14. Qg6+ Kf8 15. Qxh7 Be7 16. Bg5 Qe8 17. Raf1 Qf7 18. e4 dxe4 19. Qxe4 Kg8 20. Qh4 Rf8 21. Rf4 Qg6 22. Be4 Nxe4 23. Bxe7 Rxf4 24. Rxf4 Nf6 25. Bxf6 0-1

[Event "Hans & Lenze It"]
[Site "?"]
[Date "1998.??.??"]
[Round "?"]
[White "Giorgadze, G."]
[Black "Prusikin, M."]
[Result "1/2-1/2"]
[WhiteElo "2610"]
[BlackElo "2475"]
[PlyCount "111"]
[EventDate "1998.??.??"]
[Source "www.chesslib.no"]
[SourceDate "2004.05.04"]

1. d4 e6 2. c4 Bb4+ 3. Nc3 f5 4. e3 Nf6 5. Nge2 O-O 6. a3 Be7 7. g3 d6 8. Bg2 e5 9. O-O c6 10. e4 fxe4 11. dxe5 dxe5 12. Qxd8 Rxd8 13. Nxe4 Nxe4 14. Bxe4 Be6 15. b3 Na6 16. Be3 Bc5 17. Bg5 Rd7 18. Kg2 h6 19. Bc1 Rad8 20. Re1 Bb6 21. Rb1 Nc5 22. Nc3 Nxe4 23. Nxe4 Rd1 24. Bb2 Rxb1 25. Rxb1 Bf5 26. Re1 Rd3 27. b4 Bd4 28. Bxd4 exd4 29. a4 Bg4 30. f4 Rb3 31. h3 Bf3+ 32. Kf2 Bxe4 33. Rxe4 Rxb4 34. Rxd4 Rxa4 35. Rd8+ Kh7 36. Rd7 b5 37. cxb5 cxb5 38. f5 Kg8 39. g4 a5 40. Kg3 b4 41. Rb7 Ra3+ 42. Kh4 Kf8 43. Rb8+ Kf7 44. Rb7+ Kf6 45. Rb6+ Ke5 46. Rb7 Kd4 47. Rxg7 a4 48. Ra7 b3 49. f6 b2 50. f7 b1=Q 51. f8=Q Qe1+ 52. Kh5 Rxh3+ 53. Kg6 Qe6+ 54. Kh7 Qe4+ 55. Kh8 Qe5+ 56. Kh7 1/2-1/2

[Event "Martinez op-A"]
[Site "Cannes"]
[Date "2000.08.01"]
[Round "4"]
[White "Legky, Nikolay A"]
[Black "Bauer, Christian"]
[Result "1/2-1/2"]
[WhiteElo "2520"]
[BlackElo "2562"]
[PlyCount "27"]
[EventDate "2000.07.29"]
[Source "www.chesslib.no"]
[SourceDate "2004.05.04"]

1. d4 e6 2. Nf3 d5 3. c4 c6 4. e3 f5 5. Bd3 Bd6 6. O-O Nf6 7. b3 Qe7 8. a4 a5 9. Ba3 Bxa3 10. Nxa3 O-O 11. Qc2 Ne4 12. Ne5 Nd7 13. Nxd7 Bxd7 14. f3 1/2-1/2

[Event "otb"]
[Site "otb"]
[Date "2007.05.13"]
[Round "7"]
[White "Jianu Vlad Cristian"]
[Black "Gleizerov Evgeny"]
[Result "1/2-1/2"]
[WhiteElo "2506"]
[BlackElo "2570"]
[PlyCount "29"]
[Source "www.chesslib.no"]
[SourceDate "2004.05.04"]

1. d4 e6 2. c4 f5 3. Nf3 Nf6 4. Qc2 b6 5. g3 Bb7 6. Bg2 Bb4+ 7. Nbd2 Be4 8. Qb3 Bxd2+ 9. Bxd2 O-O 10. O-O Qe7 11. Rac1 d6 12. c5 Nc6 13. Rfd1 Qd7 14. Be1 Ne7 15. Qa3 1/2-1/2

[Event "SUI-chT"]
[Site "SUI"]
[Date "1999.??.??"]
[Round "5.1"]
[White "Kortschnoj, Viktor"]
[Black "Kaenel, Hansjuerg"]
[Result "1/2-1/2"]
[WhiteElo "2673"]
[BlackElo "2402"]
[PlyCount "96"]
[EventDate "1999.01.??"]
[Source "www.chesslib.no"]
[SourceDate "2004.05.04"]

1. d4 d5 2. c4 e6 3. Nc3 f5 4. Nf3 Nf6 5. Bg5 Be7 6. e3 c6 7. Qc2 O-O 8. Bd3 Ne4 9. Bxe7 Qxe7 10. O-O b6 11. Ne5 Bb7 12. f3 Nxc3 13. bxc3 Nd7 14. Nxd7 Qxd7 15. e4 Ba6 16. cxd5 Bxd3 17. Qxd3 cxd5 18. exf5 exf5 19. Rae1 Rac8 20. Re5 g6 21. f4 Qc6 22. Rf3 Rfe8 23. h3 b5 24. Kh2 a5 25. a3 Qd7 26. Rfe3 Kf7 27. Qe2 Rxe5 28. fxe5 Ke6 29. Rf3 Rc4 30. g4 Qf7 31. Qb2 b4 32. axb4 axb4 33. cxb4 Qc7 34. gxf5+ gxf5 35. Rf2 Qe7 36. Qa1 Qh4 37. Qa6+ Kd7 38. Qd6+ Kc8 39. Qf8+ Kc7 40. Qxf5 Rxd4 41. Qf7+ Kb6 42. Qf6+ Kb5 43. Qxh4 Rxh4 44. Re2 Rc4 45. Kg3 Kxb4 46. e6 Rc8 47. Re1 Re8 48. Kf4 d4 1/2-1/2

[Event "Bad Woerishofen Open"]
[Site "Bad Woerishofen GER"]
[Date "1995.??.??"]
[Round "8"]
[White "Lalic, Bogdan"]
[Black "Schmittdiel, Eckhard"]
[Result "1/2-1/2"]
[WhiteElo "2590"]
[BlackElo "2485"]
[PlyCount "88"]
[EventDate "1995.03.??"]
[Source "www.chesslib.no"]
[SourceDate "2004.05.04"]

1. d4 e6 2. c4 f5 3. Nf3 Nf6 4. g3 c6 5. Bf4 d5 6. Nbd2 Be7 7. Bg2 O-O 8. O-O Nbd7 9. Qc2 Ne4 10. Ne5 Nxe5 11. Bxe5 Nd6 12. Bxd6 Qxd6 13. Rac1 Bf6 14. Nf3 Bd7 15. Qc3 Be8 16. Qe3 Bh5 17. c5 Qe7 18. Ne5 g5 19. f4 gxf4 20. gxf4 Kh8 21. Kh1 Rg8 22. Bf3 Bxf3+ 23. Rxf3 Bxe5 24. Qxe5+ Qg7 25. Qxg7+ Rxg7 26. Rg1 Rag8 27. Rgg3 Rxg3 28. hxg3 Kg7 29. Rb3 Rb8 30. Ra3 Ra8 31. Kg2 Kf6 32. b4 Kg6 33. Kf3 Kf6 34. Rb3 Ke7 35. Rb1 h5 36. b5 Kd7 37. a4 b6 38. Rh1 Rh8 39. Ke3 Kc7 40. Kd3 Rb8 41. Rxh5 bxc5 42. Rh7+ Kd6 43. dxc5+ Kxc5 44. Rc7 Rb6 1/2-1/2

[Event "UKR Team Ch"]
[Site "Alushta UKR"]
[Date "1994.??.??"]
[Round "?"]
[White "Savchenko, Stanislav"]
[Black "Moskalenko, Viktor"]
[Result "1/2-1/2"]
[WhiteElo "2540"]
[BlackElo "2535"]
[PlyCount "88"]
[EventDate "1994.??.??"]
[Source "www.chesslib.no"]
[SourceDate "2004.05.04"]

1. d4 e6 2. c4 Bb4+ 3. Nc3 f5 4. Nf3 Nf6 5. Qb3 a5 6. g3 d6 7. Bg2 Nc6 8. O-O Bxc3 9. Qxc3 Ne4 10. Qc2 e5 11. Rd1 Qe7 12. b3 O-O 13. Bb2 Nf6 14. dxe5 dxe5 15. Qc3 e4 16. Ne5 Nxe5 17. Qxe5 Qf7 18. a4 Ra6 19. f3 Re8 20. Qc3 exf3 21. exf3 f4 22. g4 Rae6 23. Re1 b6 24. Rad1 Bb7 25. Bc1 h6 26. h3 Rxe1+ 27. Rxe1 Rxe1+ 28. Qxe1 Nd7 29. Qd2 Nc5 30. Qd8+ Kh7 31. Qd4 Ne6 32. Qd3+ Qg6 33. Bf1 Ng5 34. Qxg6+ Kxg6 35. Bxf4 Ne6 36. Be5 Bxf3 37. Bd3+ Kf7 38. Bf5 Bd1 39. Bxe6+ Kxe6 40. Bxc7 Bxb3 41. Bxb6 Bxc4 42. Bxa5 Bb3 43. Bc3 Bxa4 44. Bxg7 h5 1/2-1/2

[Event "300 Years"]
[Site "St Petersburg"]
[Date "2003.10.25"]
[Round "8"]
[White "Kim, Alexandra"]
[Black "Lastin, Alexander"]
[Result "1/2-1/2"]
[WhiteElo "2439"]
[BlackElo "2634"]
[PlyCount "45"]
[EventDate "2003.10.18"]
[Source "Roberto Alvarez"]
[SourceDate "2003.10.27"]

1. d4 d5 2. c4 e6 3. Nf3 c6 4. e3 f5 5. Nc3 Nf6 6. Be2 Bd6 7. O-O O-O 8. Ne5 Nbd7 9. f4 Ne4 10. Nxe4 fxe4 11. Bd2 Nxe5 12. fxe5 Be7 13. Bg4 Bd7 14. Qc2 b5 15. b3 a5 16. Rxf8+ Bxf8 17. Rf1 a4 18. Bc1 axb3 19. axb3 Qe7 20. Bd2 bxc4 21. bxc4 g6 22. Qb3 Bh6 23. Qb7 1/2-1/2

[Event "RUS Ch m1-2"]
[Site "?"]
[Date "1997.??.??"]
[Round "1.2"]
[White "Kharitonov Andrei V"]
[Black "Kobalia Mikhail"]
[Result "1/2-1/2"]
[WhiteElo "2520"]
[BlackElo "2545"]
[PlyCount "58"]
[EventDate "1997.??.??"]
[Source "www.chesslib.no"]
[SourceDate "2004.05.04"]

1. d4 d5 2. Nf3 c6 3. c4 e6 4. e3 f5 5. Bd3 Nf6 6. O-O Bd6 7. b3 Qe7 8. Bb2 O-O 9. Qc1 g5 10. Ba3 g4 11. Bxd6 Qxd6 12. Ne5 Nbd7 13. Qb2 Qc7 14. Nxd7 Bxd7 15. Nc3 Ne4 16. Ne2 Ng5 17. Nf4 Rf6 18. Rfc1 Qd8 19. b4 Rh6 20. b5 Nf7 21. bxc6 Bxc6 22. cxd5 exd5 23. Bxf5 Qh4 24. h3 gxh3 25. g3 h2+ 26. Kg2 Qe7 27. Rh1 Ng5 28. Qe2 Rf8 29. Bd3 b5 1/2-1/2

[Event "Nikolaev zt"]
[Site "Nikolaev"]
[Date "1993.??.??"]
[Round "?"]
[White "Ryskin, Alexander"]
[Black "Moskalenko, Viktor"]
[Result "0-1"]
[WhiteElo "2505"]
[BlackElo "2555"]
[PlyCount "71"]
[EventDate "1993.03.??"]
[Source "ChessBase"]

1. d4 e6 2. c4 f5 3. Nc3 Bb4 4. Qc2 Nf6 5. e3 b6 6. Bd3 Bb7 7. f3 Nh5 8. Nh3 Qh4+ 9. Nf2 Nf6 10. Bd2 O-O 11. a3 Bxc3 12. Bxc3 Qg5 13. O-O-O Qxe3+ 14. Kb1 b5 15. Rhe1 Qh6 16. Qb3 Bc6 17. d5 bxc4 18. Bxc4 exd5 19. Bxd5+ Kh8 20. Bc4 d6 21. Bb5 a6 22. Bxc6 Nxc6 23. Qb7 Ne5 24. Qxc7 Rfc8 25. Qxd6 Nc4 26. Qe7 Ng8 27. Qf7 Nxa3+ 28. Ka2 Rxc3 29. bxc3 Nb5 30. Rd7 Nxc3+ 31. Ka1 Nf6 32. Nd3 Nb5 33. Rde7 Rg8 34. Qa2 Qh4 35. f4 Ne4 36. Qe6 0-1

[Event "Paris GMI"]
[Site "?"]
[Date "1994.??.??"]
[Round "5"]
[White "Kosten, A."]
[Black "Minasian, A."]
[Result "1-0"]
[WhiteElo "2515"]
[BlackElo "2545"]
[PlyCount "69"]
[EventDate "1994.??.??"]
[Source "www.chesslib.no"]
[SourceDate "2004.05.04"]

1. c4 e6 2. Nc3 d5 3. d4 f5 4. Bf4 Nf6 5. e3 c6 6. Bd3 Be7 7. Nf3 O-O 8. h3 Ne4 9. Qc2 Nd7 10. Ne5 Bf6 11. Nxd7 Bxd7 12. O-O Qe7 13. f3 Nxc3 14. Qxc3 c5 15. cxd5 cxd4 16. exd4 Rfc8 17. Qb3 Bxd4+ 18. Kh1 e5 19. Rae1 Qd6 20. Be3 Bxe3 21. Rxe3 b5 22. Rfe1 Re8 23. a3 Rac8 24. Bb1 Kh8 25. Ba2 a5 26. Qd3 Re7 27. Qd2 b4 28. axb4 axb4 29. Rc1 Rxc1+ 30. Qxc1 h5 31. Re2 Kh7 32. Qg5 g6 33. g4 hxg4 34. hxg4 Kg8 35. Qxe7 1-0

[Event "Elista ol (Men)"]
[Site "Elista"]
[Date "1998.09.30"]
[Round "2"]
[White "Aleksandrov, Aleksej"]
[Black "Guliev, Sarhan"]
[Result "1-0"]
[WhiteElo "2595"]
[BlackElo "2465"]
[PlyCount "52"]
[EventDate "1998.09.29"]
[Source "ChessBase"]
[SourceDate "1998.11.06"]

1. d4 d5 2. c4 e6 3. Nc3 f5 4. cxd5 exd5 5. Bf4 c6 6. e3 Nf6 7. Bd3 Bd6 8. Qc2 O-O 9. Nf3 Ne4 10. Bxd6 Qxd6 11. g4 Qf6 12. O-O-O Na6 13. a3 Nxc3 14. g5 Qd6 15. Qxc3 c5 16. Bxa6 cxd4 17. Qxd4 Qxa6 18. Ne5 f4 19. exf4 Bf5 20. Kd2 Rad8 21. Ke3 Qe6 22. f3 Rd6 23. Kf2 Be4 24. Rhe1 Qh3 25. Rxe4 Qxh2+ 26. Ke3 h5 1-0

[Event "Casino Masters"]
[Site "?"]
[Date "2005.10.24"]
[Round "1"]
[White "Narciso Dublan Marc"]
[Black "Moskalenko Viktor"]
[Result "0-1"]
[WhiteElo "2530"]
[BlackElo "2529"]
[PlyCount "78"]
[EventDate "2005.??.??"]
[Source "www.chesslib.no"]
[SourceDate "2004.05.04"]

1. d4 e6 2. c4 f5 3. Nc3 Bb4 4. Qb3 c5 5. Nf3 Nf6 6. a3 Bxc3+ 7. Qxc3 Ne4 8. Qd3 Nc6 9. e3 O-O 10. Be2 d6 11. O-O e5 12. b4 Nf6 13. dxe5 dxe5 14. Qc3 e4 15. Ng5 Qe7 16. b5 Ne5 17. Bb2 Ng6 18. f4 exf3 19. Bxf3 h6 20. Nh3 Be6 21. Nf4 Nxf4 22. exf4 Qf7 23. Rfe1 Bxc4 24. Re5 Bxb5 25. Rxf5 Bc6 26. Rxc5 Bxf3 27. Qxf3 Rac8 28. Rxc8 Rxc8 29. Rd1 b6 30. h3 Qh5 31. Qxh5 Nxh5 32. Rd7 a5 33. Be5 Rc4 34. Rb7 Nxf4 35. Rxg7+ Kf8 36. Rb7 h5 37. Rxb6 Nd3 38. Bd6+ Ke8 39. Rb3 Rd4 0-1

[Event "King's Tournament"]
[Site "Bazna ROM"]
[Date "2007.06.18"]
[Round "3"]
[White "Portisch, L."]
[Black "Timman, J."]
[Result "1/2-1/2"]
[WhiteElo "2512"]
[BlackElo "2545"]
[PlyCount "41"]
[EventDate "2007.06.16"]
[Source "www.chesslib.no"]
[SourceDate "2004.05.04"]

1. d4 d5 2. c4 c6 3. e3 e6 4. Nf3 f5 5. Nc3 Nf6 6. Be2 Nbd7 7. Ng5 Qe7 8. b3 g6 9. O-O Bh6 10. Nh3 Ne4 11. Nxe4 dxe4 12. f3 exf3 13. Bxf3 Nf6 14. Nf2 e5 15. e4 Bxc1 16. Rxc1 O-O 17. dxe5 Qxe5 18. Nd3 Qd4+ 19. Nf2 Qe5 20. Nd3 Qd4+ 21. Nf2 1/2-1/2

[Event "Kstovo Open"]
[Site "Kstovo RUS"]
[Date "1994.??.??"]
[Round "3"]
[White "Balashov, Yuri S"]
[Black "Minasian, Artashes"]
[Result "1/2-1/2"]
[WhiteElo "2510"]
[BlackElo "2545"]
[PlyCount "55"]
[EventDate "1994.08.??"]
[Source "www.chesslib.no"]
[SourceDate "2004.05.04"]

1. d4 d5 2. c4 e6 3. Nc3 f5 4. Bf4 Nf6 5. e3 Be7 6. Nf3 O-O 7. Be2 c6 8. O-O Ne4 9. h3 Nd7 10. Qc2 b6 11. Ne5 Nxe5 12. Bxe5 Nd6 13. b3 Bb7 14. Rad1 Nf7 15. Bh2 Bb4 16. Na4 Qe7 17. Nb2 Ba3 18. Nd3 a5 19. Ne5 Rac8 20. Nxf7 Rxf7 21. Bd3 c5 22. Be5 b5 23. Qe2 bxc4 24. bxc4 cxd4 25. exd4 dxc4 26. Bxc4 f4 27. f3 Bd5 28. Bxd5 1/2-1/2

[Event "HUN-chT1"]
[Site "HUN"]
[Date "1995.??.??"]
[Round "?"]
[White "Chernin, Alexander M"]
[Black "Horvath, Gyula"]
[Result "1-0"]
[WhiteElo "2600"]
[BlackElo "2455"]
[PlyCount "146"]
[EventDate "1995.??.??"]
[Source "www.chesslib.no"]
[SourceDate "2004.05.04"]

1. d4 e6 2. c4 Bb4+ 3. Nc3 f5 4. e3 Bxc3+ 5. bxc3 Nf6 6. Ba3 b6 7. Bd3 Nc6 8. Nh3 Ba6 9. f3 Nh5 10. O-O Qh4 11. c5 Bxd3 12. Qxd3 Ne7 13. c4 O-O 14. d5 Rf7 15. d6 cxd6 16. cxb6 axb6 17. Bxd6 Nc8 18. Be5 d6 19. Bd4 e5 20. Bb2 Ra4 21. f4 exf4 22. Nxf4 Nxf4 23. Rxf4 Qg5 24. a3 h6 25. Raf1 Ra5 26. R1f3 Qe7 27. g4 Qg5 28. Rg3 fxg4 29. Rfxg4 Qf5 30. Rxg7+ Rxg7 31. Rxg7+ Kf8 32. e4 Qf4 33. Rg3 Rg5 34. Bd4 Rg4 35. Rxg4 Qxg4+ 36. Kh1 Ke8 37. Bf2 h5 38. h3 Qf4 39. Kg2 Qf7 40. Bg3 Qg6 41. Kh2 Kd7 42. Qd4 Kc7 43. c5 bxc5 44. Qxc5+ Kb7 45. Qb5+ Kc7 46. Qc4+ Kb7 47. Qb4+ Kc7 48. a4 Qg5 49. Qc4+ Kd8 50. Qd4 Qg6 51. Qd5 Kc7 52. Qc4+ Kd8 53. Bh4+ Kd7 54. a5 Qh6 55. Qf7+ Kc6 56. Qd5+ Kd7 57. a6 Qf4+ 58. Bg3 Qc1 59. Qb7+ Ke6 60. Qd5+ Kd7 61. Qf7+ Ne7 62. Qf2 Qa1 63. Qb6 Qa2+ 64. Kg1 Qa1+ 65. Kg2 Qa2+ 66. Bf2 Qg8+ 67. Kh2 Qg7 68. Qb7+ Ke6 69. Qb3+ Kd7 70. a7 Qe5+ 71. Qg3 Qxe4 72. Qg2 Qe5+ 73. Bg3 Qd4 1-0

[Event "XIV Magistral"]
[Site "Elgoibar"]
[Date "2004.12.19"]
[Round "9"]
[White "Cheparinov, Ivan"]
[Black "Herraiz Hidalgo, Herminio"]
[Result "1-0"]
[WhiteElo "2576"]
[BlackElo "2474"]
[PlyCount "183"]
[EventDate "2004.12.12"]
[Source "Roberto Alvarez"]
[SourceDate "2004.12.13"]

1. d4 f5 2. Nf3 Nf6 3. c4 g6 4. g3 Bg7 5. b4 c6 6. Bb2 a5 7. b5 a4 8. Qd3 Ne4 9. Bg2 cxb5 10. cxb5 Qa5+ 11. Bc3 Nxc3 12. Nxc3 d5 13. O-O e6 14. Rac1 O-O 15. Qe3 Qb6 16. Ne5 Qd6 17. Qf4 Qd8 18. Nxd5 g5 19. Rxc8 gxf4 20. Rxd8 Rxd8 21. Nc7 Ra5 22. Nc4 Rd7 23. Nxa5 Rxc7 24. d5 fxg3 25. hxg3 exd5 26. Bxd5+ Kf8 27. Nxb7 Rc2 28. Rd1 Be5 29. e3 Ke7 30. Na5 Bc7 31. Nc4 Nd7 32. Kg2 h5 33. Rd4 Nb6 34. Nxb6 Bxb6 35. Rd3 Rb2 36. Bc4 Rc2 37. Bg8 Rb2 38. Rd5 Kf8 39. Be6 Bxe3 40. Rxf5+ Ke7 41. Bf7 Bd4 42. Rf4 Bc5 43. Rf5 Bd4 44. a3 h4 45. gxh4 Bf6 46. Bg8 Bxh4 47. Rf4 Bg5 48. Rxa4 Rxb5 49. Re4+ Kf6 50. a4 Rb1 51. Bd5 Ra1 52. Kg3 Bd2 53. Bc6 Rc1 54. Bd7 Rg1+ 55. Kf3 Ra1 56. Re6+ Kg5 57. Re5+ Kf6 58. Re2 Bc3 59. Ke4 Rd1 60. Bb5 Ba5 61. Rc2 Re1+ 62. Kf4 Bb4 63. Rc6+ Ke7 64. Kf5 Bd6 65. f4 Re6 66. Rc4 Rf6+ 67. Kg5 Rf8 68. Re4+ Kd8 69. f5 Be7+ 70. Kg4 Rg8+ 71. Kf3 Bd6 72. Re6 Kc7 73. Rg6 Rh8 74. Rg7+ Kb6 75. Rg6 Kc5 76. Kg4 Rh1 77. Kg5 Rh2 78. Re6 Rg2+ 79. Kf6 Kd5 80. Re2 Rg4 81. Rd2+ Kc5 82. Rd1 Rg3 83. Kf7 Be5 84. Ke6 Bb2 85. Rd5+ Kb6 86. Rd3 Rg1 87. f6 Re1+ 88. Kd7 Ka5 89. Rd6 Ba3 90. Ra6+ Kb4 91. f7 Kc3 92. Re6 1-0

[Event "Lvov zt"]
[Site "Lvov"]
[Date "1990.??.??"]
[Round "?"]
[White "Eingorn, Vereslav S"]
[Black "Minasian, Artashes"]
[Result "1/2-1/2"]
[WhiteElo "2570"]
[BlackElo "2480"]
[PlyCount "104"]
[EventDate "1990.02.??"]
[Source "ChessBase"]

1. d4 d5 2. c4 e6 3. Nc3 f5 4. Nf3 Nf6 5. Bg5 c6 6. e3 Be7 7. Bd3 O-O 8. O-O Qe8 9. Rb1 a6 10. Rc1 Kh8 11. cxd5 exd5 12. Na4 Bd8 13. Qb3 b5 14. Nc5 Nbd7 15. Nxd7 Bxd7 16. Ne5 Rc8 17. Qc2 g6 18. Be2 Kg7 19. Nd3 Be6 20. Nc5 Nd7 21. Bxd8 Nxc5 22. Ba5 Nd7 23. a4 Nf6 24. Bb4 Rf7 25. Qb3 Bd7 26. axb5 axb5 27. Bd6 h5 28. h4 Kh7 29. f3 Qe6 30. Bf4 Qe7 31. Ra1 Ne8 32. Bg5 Qe6 33. Bd3 Nd6 34. Rfe1 Re8 35. Qb4 Rff8 36. Bf4 Nf7 37. Ra7 Ra8 38. Rea1 Rxa7 39. Rxa7 Rc8 40. Qc5 Qe8 41. Kf2 Ra8 42. Rxa8 Qxa8 43. e4 Qd8 44. g3 fxe4 45. fxe4 dxe4 46. Bxe4 Kg7 47. b4 Qf6 48. Ke3 Kg8 49. Qa7 Qe7 50. Be5 Nxe5 51. dxe5 Qxb4 52. Qxd7 Qe1+ 1/2-1/2

[Event "It (Open) Moscow RUS"]
[Site "?"]
[Date "2006.02.11"]
[Round "5"]
[White "Belikov Vladimir"]
[Black "Obukhov Alexander"]
[Result "1/2-1/2"]
[WhiteElo "2552"]
[BlackElo "2498"]
[PlyCount "69"]
[EventDate "2006.??.??"]
[Source "www.chesslib.no"]
[SourceDate "2004.05.04"]

1. d4 f5 2. Nf3 Nf6 3. c4 e6 4. g3 Be7 5. Bg2 d6 6. b4 a5 7. b5 O-O 8. Bb2 a4 9. Nbd2 c6 10. bxc6 bxc6 11. O-O Ne4 12. Nxe4 fxe4 13. Ne1 d5 14. f3 dxc4 15. fxe4 e5 16. Rxf8+ Bxf8 17. Nf3 a3 18. Bc3 exd4 19. Nxd4 Qg5 20. Kh1 Qe3 21. Rc1 Ra7 22. Nf5 Qg5 23. Bd2 Qd8 24. Qc2 Be6 25. Rb1 Rd7 26. Bc3 Na6 27. Bf3 c5 28. Bg4 Qg5 29. Rb6 Qxg4 30. Rxa6 Bxf5 31. exf5 Re7 32. Re6 Rxe6 33. fxe6 Qxe6 34. Kg2 h5 35. e4 1/2-1/2

[Event "Munich Open 9192"]
[Site "Munich GER"]
[Date "1992.??.??"]
[Round "2"]
[White "Martynov, Pavel"]
[Black "Ulibin, Mikhail"]
[Result "0-1"]
[WhiteElo "2465"]
[BlackElo "2585"]
[PlyCount "78"]
[EventDate "1992.01.??"]
[Source "www.chesslib.no"]
[SourceDate "2004.05.04"]

1. d4 e6 2. c4 f5 3. g4 Nf6 4. gxf5 exf5 5. Nc3 Bb4 6. Qb3 Qe7 7. Bg5 Nc6 8. Nf3 Na5 9. Qc2 Nxc4 10. e4 Qxe4+ 11. Qxe4+ fxe4 12. Bxc4 exf3 13. O-O-O c6 14. d5 d6 15. Rhe1+ Kd8 16. dxc6 bxc6 17. a3 Bxc3 18. bxc3 d5 19. Bxd5 cxd5 20. Rxd5+ Kc7 21. Bf4+ Kc6 22. Rd6+ Kc5 23. Rg1 Ne4 24. Rd3 Ba6 25. Rxf3 g6 26. Re3 Nxf2 27. Rg5+ Kc4 28. Bg3 Rhf8 29. Kc2 Bb7 30. Bd6 Ne4 31. Bxf8 Nxg5 32. Bg7 Ne4 33. Rh3 h5 34. Rf3 Rd8 35. Bh6 g5 36. Rf7 Rd2+ 37. Kc1 Bd5 38. Bxg5 Nxg5 39. Rf4+ Kxc3 0-1

[Event "Moscow5"]
[Site "Moscow"]
[Date "1995.??.??"]
[Round "5"]
[White "Kharitonov, Andrei Y"]
[Black "Guliev, Sarhan"]
[Result "1/2-1/2"]
[WhiteElo "2550"]
[BlackElo "2495"]
[PlyCount "101"]
[EventDate "1995.??.??"]
[Source "ChessBase"]

1. d4 d5 2. c4 c6 3. Nf3 e6 4. e3 f5 5. Bd3 Nf6 6. O-O Bd6 7. b3 Qe7 8. Bb2 O-O 9. Qc1 Ne4 10. Ba3 Bxa3 11. Qxa3 Qxa3 12. Nxa3 Bd7 13. Ne5 Be8 14. f4 Nd6 15. Nc2 Nd7 16. c5 Ne4 17. b4 Ndf6 18. a4 a6 19. Ne1 g5 20. fxg5 Nxg5 21. N1f3 Nge4 22. Rfc1 Kh8 23. Ra2 Rg8 24. Rcc2 Bh5 25. Nd2 Ng5 26. Kh1 Ng4 27. Nxg4 fxg4 28. b5 Bg6 29. Bxg6 Rxg6 30. bxc6 bxc6 31. Rab2 Rf8 32. Rc1 Rgf6 33. Kg1 h5 34. Rf1 Rxf1+ 35. Nxf1 h4 36. Rb6 h3 37. Nd2 a5 38. Rb7 Rf5 39. Rb1 Rf7 40. Rf1 Rb7 41. Rf4 g3 42. hxg3 Rb2 43. Rf2 Ra2 44. Nf3 Ra1+ 45. Kh2 hxg2 46. Kxg2 Ne4 47. Rb2 Rxa4 48. Ne5 Rb4 49. Ra2 a4 50. Nxc6 Rb3 51. Rxa4 1/2-1/2

[Event "Cappelle Open"]
[Site "Cappelle la Grande FRA"]
[Date "1994.??.??"]
[Round "8"]
[White "Chernin, Alexander M"]
[Black "Petran, Peter"]
[Result "1-0"]
[WhiteElo "2630"]
[BlackElo "2410"]
[PlyCount "129"]
[EventDate "1994.02.??"]
[Source "www.chesslib.no"]
[SourceDate "2004.05.04"]

1. c4 f5 2. d4 g6 3. g3 Bg7 4. Bg2 d6 5. d5 c5 6. Nh3 Na6 7. O-O Nf6 8. Nc3 O-O 9. Nf4 Nc7 10. Bd2 Rb8 11. a4 b6 12. Rb1 Bd7 13. Nd3 e5 14. e4 fxe4 15. Nxe4 Nxe4 16. Bxe4 Ne8 17. f3 Nf6 18. Bg5 Qe8 19. Bxf6 Rxf6 20. b3 Bh6 21. Re1 a5 22. Kg2 Qf8 23. Qe2 Rf7 24. h4 Qe7 25. Rh1 Qf6 26. Rbf1 Rbf8 27. Nf2 Qe7 28. Nd1 Kg7 29. Nc3 Re8 30. Qd3 Ref8 31. Kf2 Rg8 32. h5 Qg5 33. hxg6 hxg6 34. Ke2 Kf8 35. Rf2 Ke7 36. Rfh2 Bf8 37. g4 Kd8 38. Kd1 Kc7 39. Kc2 Be7 40. Rh3 Rfg7 41. Rh6 Be8 42. Qe2 Qf4 43. R6h3 Bg5 44. Bd3 Qf7 45. Qg2 Rf8 46. Ne4 Be3 47. Qe2 Bf4 48. Qe1 Qe7 49. Nc3 Bg5 50. Be4 Qf6 51. Ne2 Rgg8 52. R1h2 Rh8 53. Qh1 Rxh3 54. Rxh3 Bd7 55. Kb1 Rg8 56. Nc3 Bf4 57. Kc2 Rg7 58. Rh8 Bg5 59. Bd3 Qf7 60. Ne4 Be3 61. Qh4 Be8 62. Nxd6 Kxd6 63. Qd8+ Qd7 64. Qb8+ Qc7 65. Qxe8 1-0

[Event "Elgoibar"]
[Site "Elgoibar"]
[Date "1996.??.??"]
[Round "3"]
[White "Gomez Esteban, Juan Mario"]
[Black "Campora, Daniel Hugo"]
[Result "0-1"]
[WhiteElo "2495"]
[BlackElo "2545"]
[PlyCount "160"]
[EventDate "1996.11.??"]
[Source "ChessBase"]

1. d4 e6 2. c4 f5 3. Nf3 Nf6 4. g3 c6 5. Nc3 d5 6. Qb3 Be7 7. Bg2 O-O 8. O-O Qe8 9. Ne5 Nbd7 10. Nxd7 Qxd7 11. Bf4 b6 12. Qa4 Bb7 13. Rac1 Rfc8 14. Be5 Qe8 15. cxd5 cxd5 16. Qxe8+ Nxe8 17. Rc2 Kf8 18. Rfc1 Ba6 19. Bf1 Rc6 20. e4 Bxf1 21. exd5 Rxc3 22. Rxc3 Ba6 23. dxe6 Bb7 24. a3 Rd8 25. Re1 Bd6 26. f3 Ke7 27. Kf2 g6 28. h3 Bxe5 29. dxe5 Kxe6 30. f4 Rd7 31. Ke3 Nc7 32. Rd3 Nd5+ 33. Kd2 h6 34. h4 Rg7 35. Rd4 g5 36. hxg5 hxg5 37. Re2 gxf4 38. gxf4 Rg4 39. Rf2 Rh4 40. Ra4 a5 41. Rd4 Bc6 42. Rc4 Ne7 43. Rd4 Bd5 44. Rd3 a4 45. Kc3 Ng6 46. Rd4 Be4 47. Rd6+ Kf7 48. Rf6+ Kg7 49. Rd2 Rxf4 50. Rd7+ Kh6 51. e6 Kg5 52. Rff7 Bc6 53. Rd6 Be8 54. Rc7 Re4 55. Rc8 Bb5 56. Rxb6 Ne7 57. Rc5 Be8 58. b3 axb3 59. Kxb3 Kf6 60. Rc4 Re3+ 61. Kb2 Re2+ 62. Kc1 Ke5 63. Rc5+ Kd4 64. Rc2 Re3 65. a4 f4 66. Rb4+ Ke5 67. Kd2 Bc6 68. Rc5+ Bd5 69. Rc7 Nc6 70. e7 Nxe7 71. Rb5 Kf5 72. Rxe7 Rxe7 73. Rxd5+ Kg4 74. a5 f3 75. Rd6 Re2+ 76. Kd3 Ra2 77. Ke3 f2 78. Rf6 Kg3 79. a6 Kg2 80. a7 f1=Q 0-1